[Event "Olomouc 2009 - GM A"]
[Site "?"]
[Date "2009.08.05"]
[Round "1.1"]
[White "Mirumian, Vigen"]
[Black "Dubov, Daniil"]
[Result "1-0"]
[WhiteElo "2506"]
[BlackElo "2421"]
[PlyCount "93"]
[EventDate "2009.08.05"]

1. Nf3 c5 2. g3 Nc6 3. Bg2 g6 4. O-O Bg7 5. c4 e6 6. Nc3 Nge7 7. d3 O-O 8. Bd2
d5 9. Qc1 d4 10. Na4 b6 11. a3 Rb8 12. b4 Qd6 13. Rb1 Bd7 14. bxc5 bxc5 15. Rb5
Ne5 16. Ra5 N7c6 17. Rxc5 Nxf3+ 18. Bxf3 Ne5 19. Ra5 Nxf3+ 20. exf3 Qc6 21. Bb4
Rfd8 22. Qd1 e5 23. Nc5 Bh3 24. Re1 Re8 25. Rxa7 Ra8 26. Rxa8 Rxa8 27. Ne4 h6
28. c5 f5 29. Nd2 Re8 30. Qb3+ Kh7 31. Qf7 Rf8 32. Qe7 Rc8 33. Qd6 Qa8 34. Rc1
Rd8 35. Qc7 Rc8 36. Qa5 Qc6 37. Re1 Rb8 38. Qa7 Rb7 39. Qa8 h5 40. Qd8 Qb5 41.
Qh4 Qxd3 42. Nb1 e4 43. Qxh3 e3 44. Qf1 Qb3 45. fxe3 dxe3 46. Qe2 Bd4 47. Kg2
1-0

[Event "Olomouc 2009 - GM A"]
[Site "?"]
[Date "2009.08.05"]
[Round "1.2"]
[White "Ivanov, Mikhail M"]
[Black "Maslak, Konstantin"]
[Result "1/2-1/2"]
[WhiteElo "2469"]
[BlackElo "2545"]
[PlyCount "23"]
[EventDate "2009.08.05"]

1. Nf3 Nf6 2. c4 g6 3. Nc3 d5 4. cxd5 Nxd5 5. Qa4+ Bd7 6. Qh4 Nxc3 7. dxc3 Nc6
8. e4 e5 9. Bg5 Be7 10. Bc4 h6 11. Bxe7 Qxe7 12. Qxe7+ 1/2-1/2

[Event "Olomouc 2009 - GM A"]
[Site "?"]
[Date "2009.08.05"]
[Round "1.3"]
[White "Grandelius, Nils"]
[Black "Luch, Michal"]
[Result "1-0"]
[WhiteElo "2515"]
[BlackElo "2415"]
[PlyCount "103"]
[EventDate "2009.08.05"]

1. e4 c5 2. Nf3 d6 3. d4 cxd4 4. Nxd4 Nf6 5. Nc3 a6 6. f3 e5 7. Nb3 Be6 8. Be3
Be7 9. Qd2 O-O 10. O-O-O Nbd7 11. g4 b5 12. g5 b4 13. Ne2 Ne8 14. f4 a5 15. f5
Bxb3 16. cxb3 a4 17. bxa4 Rxa4 18. Kb1 Rxa2 19. Nc1 Ra8 20. Bc4 Qa5 21. Na2 Rb8
22. Bb3 Nc5 23. Bxc5 dxc5 24. f6 Bd8 25. Rhf1 Qa6 26. Qd5 gxf6 27. gxf6 Bxf6
28. Qxc5 Qb6 29. Qc4 Ng7 30. Rd7 Rbc8 31. Qxb4 Rb8 32. Qxb6 Rxb6 33. Bd5 Nh5
34. Rg1+ Bg7 35. Nc3 Nf6 36. Re7 Kh8 37. Rxf7 Rxf7 38. Bxf7 Rb7 39. Bd5 Rb8 40.
Kc2 Bf8 41. Ra1 Bc5 42. Ra6 Kg7 43. Re6 Bd4 44. Re7+ Kg6 45. Be6 Rxb2+ 46. Kxb2
Nxe4 47. Bg8 Nxc3 48. Bxh7+ Kf6 49. Re8 Kg7 50. Re7+ Kf6 51. Rb7 Nd5+ 52. Kc2
1-0

[Event "Olomouc 2009 - GM A"]
[Site "?"]
[Date "2009.08.05"]
[Round "1.4"]
[White "Krejci, Jan"]
[Black "Simacek, Pavel"]
[Result "0-1"]
[WhiteElo "2453"]
[BlackElo "2476"]
[PlyCount "102"]
[EventDate "2009.08.05"]

1. e4 c6 2. d4 d5 3. Nc3 dxe4 4. Nxe4 Bf5 5. Ng3 Bg6 6. h4 h6 7. f4 e6 8. h5
Bh7 9. Nf3 Nf6 10. Bd3 Bxd3 11. Qxd3 Bd6 12. Bd2 Qc7 13. Ne5 c5 14. O-O-O cxd4
15. Rhe1 Nc6 16. Nf5 O-O 17. Nxd6 Qxd6 18. g4 Rac8 19. g5 hxg5 20. h6 g4 21.
hxg7 Kxg7 22. Qg3 Rh8 23. Nxg4 Nxg4 24. Qxg4+ Kf8 25. f5 Rg8 26. Bh6+ Ke7 27.
Bg5+ Kd7 28. Qh5 Rcf8 29. Kb1 Rh8 30. Qf3 e5 31. c3 Kc8 32. f6 Rd8 33. cxd4
exd4 34. Qf5+ Qd7 35. Qf4 Qd5 36. Re7 Nxe7 37. fxe7 Rd6 38. Bf6 Re8 39. Rxd4
Qh1+ 40. Kc2 Qc6+ 41. Rc4 Qxc4+ 42. Qxc4+ Rc6 43. Kd3 Rxc4 44. Kxc4 Kd7 45. Kd5
Rc8 46. Ke5 Rc5+ 47. Kf4 Ra5 48. a3 Rb5 49. Kg4 Rb6 50. Kf5 Re6 51. Kg5 Rxe7
0-1

[Event "Olomouc 2009 - GM A"]
[Site "?"]
[Date "2009.08.05"]
[Round "1.5"]
[White "Malinovsky, Karel"]
[Black "Arslanov, Shamil"]
[Result "0-1"]
[WhiteElo "2367"]
[BlackElo "2376"]
[PlyCount "86"]
[EventDate "2009.08.05"]

1. e4 e6 2. d4 d5 3. Nc3 Bb4 4. e5 c5 5. a3 Bxc3+ 6. bxc3 Ne7 7. a4 b6 8. h4
Ba6 9. Bb5+ Bxb5 10. axb5 Qd7 11. Rb1 a6 12. bxa6 Rxa6 13. dxc5 Qc7 14. Qd3 O-O
15. cxb6 Rxb6 16. Rxb6 Qxb6 17. Nf3 Nd7 18. O-O Rc8 19. Be3 Qc7 20. Bd4 Nc5 21.
Qb5 Ne4 22. Rb1 h6 23. Rb3 Nc6 24. Qb7 Nxd4 25. Nxd4 Qxb7 26. Rxb7 Nxc3 27. Rb4
g5 28. hxg5 hxg5 29. f3 Nd1 30. Rb1 Nc3 31. Rb4 Nd1 32. Rb1 Ne3 33. Re1 Nc4 34.
g3 Ra8 35. Kf2 Ra3 36. Re2 Kh7 37. f4 g4 38. f5 exf5 39. e6 fxe6 40. Rxe6 f4
41. gxf4 g3+ 42. Kg2 Ne3+ 43. Kxg3 Nxc2+ 0-1

[Event "Olomouc 2009 - GM A"]
[Site "?"]
[Date "2009.08.06"]
[Round "2.1"]
[White "Dubov, Daniil"]
[Black "Arslanov, Shamil"]
[Result "0-1"]
[WhiteElo "2421"]
[BlackElo "2376"]
[PlyCount "90"]
[EventDate "2009.08.05"]

1. e4 e6 2. d4 d5 3. Nc3 Bb4 4. e5 c5 5. a3 Bxc3+ 6. bxc3 Ne7 7. Nf3 b6 8. a4
Qc7 9. a5 Ba6 10. Bxa6 Nxa6 11. Qe2 cxd4 12. O-O Qc4 13. Qxc4 dxc4 14. axb6
axb6 15. Nd2 dxc3 16. Nxc4 Nd5 17. Be3 b5 18. Nd6+ Kd7 19. Nxb5 Nab4 20. Nd4 f6
21. Rfc1 Rhb8 22. exf6 gxf6 23. Nb3 Rxa1 24. Nxa1 Kc6 25. Kf1 e5 26. Ke2 Ra8
27. Nb3 Ra2 28. Kd1 Rb2 29. Bh6 Nxc2 30. Na5+ Kb5 31. Rxc2 Rb1+ 32. Ke2 Kxa5
33. Kd3 Nb4+ 34. Kxc3 Nxc2 35. Kxc2 Rg1 36. g3 Rg2 37. Be3 Rxh2 38. Kd3 f5 39.
Kd2 f4 40. gxf4 exf4 41. Bd4 h5 42. Kd3 h4 43. Ke4 h3 44. Kf3 Rg2 45. Be5 Rg5
0-1

[Event "Olomouc 2009 - GM A"]
[Site "?"]
[Date "2009.08.06"]
[Round "2.2"]
[White "Simacek, Pavel"]
[Black "Malinovsky, Karel"]
[Result "1/2-1/2"]
[WhiteElo "2476"]
[BlackElo "2367"]
[PlyCount "57"]
[EventDate "2009.08.05"]

1. e4 c5 2. Nf3 Nc6 3. d4 cxd4 4. Nxd4 g6 5. Nc3 Bg7 6. Be3 Nf6 7. Bc4 Qa5 8.
O-O O-O 9. Bb3 d6 10. h3 Bd7 11. Qd2 Nxd4 12. Qxd4 Ng4 13. Qd5 Qxd5 14. Nxd5
Nxe3 15. Nxe7+ Kh8 16. fxe3 Rae8 17. Nd5 Bxb2 18. Rab1 Ba3 19. Nf6 Re7 20. Nxd7
Rxd7 21. Bd5 Bc5 22. Rf3 b6 23. Kf2 Kg7 24. Ke2 h5 25. Rbf1 f6 26. g4 hxg4 27.
hxg4 Rdd8 28. Kd3 a5 29. Kc4 1/2-1/2

[Event "Olomouc 2009 - GM A"]
[Site "?"]
[Date "2009.08.06"]
[Round "2.3"]
[White "Luch, Michal"]
[Black "Krejci, Jan"]
[Result "1/2-1/2"]
[WhiteElo "2415"]
[BlackElo "2453"]
[PlyCount "25"]
[EventDate "2009.08.05"]

1. Nc3 Nf6 2. d4 d5 3. Bg5 c6 4. Qd3 h6 5. Bxf6 exf6 6. e4 Bb4 7. exd5 O-O 8.
O-O-O cxd5 9. Nge2 Nc6 10. Nf4 Ne7 11. Qf3 Be6 12. a3 Ba5 13. Nxe6 1/2-1/2

[Event "Olomouc 2009 - GM A"]
[Site "?"]
[Date "2009.08.06"]
[Round "2.4"]
[White "Maslak, Konstantin"]
[Black "Grandelius, Nils"]
[Result "1-0"]
[WhiteElo "2545"]
[BlackElo "2515"]
[PlyCount "125"]
[EventDate "2009.08.05"]

1. e4 c5 2. Nf3 d6 3. d4 cxd4 4. Nxd4 Nf6 5. Nc3 a6 6. Bg5 e6 7. f4 Nbd7 8. Qf3
Qc7 9. O-O-O b5 10. Bd3 Bb7 11. Rhe1 Qb6 12. Nd5 exd5 13. Nc6 dxe4 14. Bxe4 Nc5
15. Bxf6 gxf6 16. Qh3 Ne6 17. Bg6 Kd7 18. Bxf7 Kxc6 19. Qxe6 Qd8 20. Qe3 Qd7
21. Qc3+ Kb6 22. Qxf6 Bxg2 23. Rg1 Bc6 24. Be6 Qe7 25. Qd4+ Kc7 26. Rde1 Bh6
27. Bd5 Qd7 28. Bxc6 Kxc6 29. Qf6 Bxf4+ 30. Qxf4 Rae8 31. Qf3+ Kb6 32. Rd1 Rhg8
33. Rgf1 Rg6 34. Rd2 Re5 35. Qf2+ Kb7 36. Qf8 Qe8 37. Qf3+ Qc6 38. Qh3 h5 39.
b3 Rge6 40. Rfd1 Qc5 41. Qf3+ Qc6 42. Qf7+ Qc7 43. Qf2 Qc5 44. Qg3 Re3 45. Qg7+
Qc7 46. Qg2+ Qc6 47. Qf2 R3e5 48. Kb1 Qc5 49. Qg3 Kb6 50. Rd3 Qb4 51. Qf2+ Kb7
52. Qf7+ Kb6 53. Qf8 Re1 54. Qf2+ Kc6 55. Qf3+ Qe4 56. Qxh5 Rxd1+ 57. Qxd1 Qh4
58. Qf3+ Kb6 59. Rc3 Re5 60. Qf8 Qe7 61. Qb8+ Ka5 62. a3 Qg7 63. Qd8+ 1-0

[Event "Olomouc 2009 - GM A"]
[Site "?"]
[Date "2009.08.06"]
[Round "2.5"]
[White "Mirumian, Vigen"]
[Black "Ivanov, Mikhail M"]
[Result "1/2-1/2"]
[WhiteElo "2506"]
[BlackElo "2469"]
[PlyCount "20"]
[EventDate "2009.08.05"]

1. e4 c5 2. Nf3 Nc6 3. Nc3 g6 4. Bc4 Bg7 5. O-O a6 6. Re1 d6 7. h3 e6 8. a4
Nge7 9. d3 O-O 10. Bf4 h6 1/2-1/2

[Event "Olomouc 2009 - GM A"]
[Site "?"]
[Date "2009.08.07"]
[Round "3.2"]
[White "Grandelius, Nils"]
[Black "Mirumian, Vigen"]
[Result "1/2-1/2"]
[WhiteElo "2515"]
[BlackElo "2506"]
[PlyCount "45"]
[EventDate "2009.08.05"]

1. Nf3 c5 2. g3 Nc6 3. c4 g6 4. Bg2 Bg7 5. Nc3 Nh6 6. h4 d6 7. h5 Bg4 8. d3
gxh5 9. Nd5 Ng8 10. Bd2 Nf6 11. Bc3 e5 12. Nd2 Nxd5 13. Bxd5 Qd7 14. a3 O-O 15.
f3 Bf5 16. Rxh5 Bg6 17. Rh2 Ne7 18. e4 Nxd5 19. cxd5 f5 20. a4 b6 21. Kf2 a6
22. Kg2 b5 23. b3 1/2-1/2

[Event "Olomouc 2009 - GM A"]
[Site "?"]
[Date "2009.08.07"]
[Round "3.3"]
[White "Krejci, Jan"]
[Black "Maslak, Konstantin"]
[Result "0-1"]
[WhiteElo "2453"]
[BlackElo "2545"]
[PlyCount "66"]
[EventDate "2009.08.05"]

1. e4 c6 2. d4 d5 3. e5 c5 4. Nf3 Bg4 5. dxc5 Nc6 6. Be3 e6 7. Bb5 Qa5+ 8. Nc3
Nge7 9. O-O O-O-O 10. Bxc6 Nxc6 11. Bg5 Rd7 12. Bf4 Qxc5 13. h3 Qc4 14. Bh2 Bh5
15. a4 a6 16. a5 Bb4 17. Na4 Bxa5 18. g4 Bg6 19. c3 Qd3 20. b4 Qxd1 21. Rfxd1
Bd8 22. Nc5 Rc7 23. b5 axb5 24. Nd4 Nb8 25. Ncb3 Rxc3 26. Rdc1 b4 27. Nb5 Rxc1+
28. Rxc1+ Nc6 29. Nd6+ Kb8 30. Nc5 Bb6 31. Ndxb7 Nd4 32. Kf1 b3 33. Nd6 Bxc5
0-1

[Event "Olomouc 2009 - GM A"]
[Site "?"]
[Date "2009.08.07"]
[Round "3.4"]
[White "Malinovsky, Karel"]
[Black "Luch, Michal"]
[Result "1/2-1/2"]
[WhiteElo "2367"]
[BlackElo "2415"]
[PlyCount "38"]
[EventDate "2009.08.05"]

1. e4 Nf6 2. e5 Nd5 3. d4 d6 4. Nf3 dxe5 5. Nxe5 c6 6. Bd3 Nd7 7. O-O Nxe5 8.
dxe5 g6 9. a3 Bg7 10. Re1 Be6 11. Qe2 Qd7 12. Bd2 Bg4 13. f3 Bf5 14. Bxf5 Qxf5
15. Qe4 Qxe4 16. Rxe4 O-O-O 17. Nc3 Rd7 18. Nxd5 cxd5 19. Re2 Rhd8 1/2-1/2

[Event "Olomouc 2009 - GM A"]
[Site "?"]
[Date "2009.08.07"]
[Round "3.5"]
[White "Arslanov, Shamil"]
[Black "Simacek, Pavel"]
[Result "0-1"]
[WhiteElo "2376"]
[BlackElo "2476"]
[PlyCount "96"]
[EventDate "2009.08.05"]

1. e4 e5 2. Nf3 Nc6 3. Bb5 Nf6 4. O-O Nxe4 5. d4 a6 6. Ba4 b5 7. Bb3 d5 8. dxe5
Be6 9. Nbd2 Nc5 10. c3 d4 11. Bxe6 Nxe6 12. cxd4 Ncxd4 13. a4 Bb4 14. Nxd4 Qxd4
15. Qe2 Bxd2 16. Bxd2 O-O 17. Rfd1 Qxb2 18. Rab1 Qc2 19. axb5 Nd4 20. Qg4 Nxb5
21. Rbc1 Qg6 22. Qxg6 hxg6 23. Bg5 Rfe8 24. f4 Re6 25. Rd7 a5 26. Rb1 c6 27.
Be7 a4 28. Bc5 g5 29. g3 gxf4 30. gxf4 g5 31. Kf2 a3 32. Bd4 a2 33. Ra1 Rh6 34.
Kg2 gxf4 35. Bb2 Kf8 36. Rad1 Ke8 37. R7d2 Nc7 38. Bd4 c5 39. Bc3 Rha6 40. Ra1
Ne6 41. h4 Ra3 42. Rc2 Kf8 43. Kf2 Kg7 44. Ke2 Kg6 45. Kd2 Kf5 46. Kc1 Nd4 47.
Bxd4 cxd4 48. Kb2 Rc3 0-1

[Event "Olomouc 2009 - GM A"]
[Site "?"]
[Date "2009.08.08"]
[Round "4.1"]
[White "Dubov, Daniil"]
[Black "Simacek, Pavel"]
[Result "1/2-1/2"]
[WhiteElo "2421"]
[BlackElo "2476"]
[PlyCount "39"]
[EventDate "2009.08.05"]

1. e4 e5 2. Nf3 Nc6 3. Bc4 Bc5 4. c3 Nf6 5. d3 d6 6. O-O Bb6 7. h3 h6 8. Re1
O-O 9. Nbd2 Ne7 10. Nf1 Ng6 11. Ng3 c6 12. Bb3 d5 13. exd5 Nxd5 14. d4 exd4 15.
Nxd4 Nc7 16. Qh5 Bxd4 17. cxd4 Nd5 18. Bxd5 Qxd5 19. Qxd5 cxd5 20. Bd2 1/2-1/2

[Event "Olomouc 2009 - GM A"]
[Site "?"]
[Date "2009.08.08"]
[Round "4.2"]
[White "Luch, Michal"]
[Black "Arslanov, Shamil"]
[Result "1/2-1/2"]
[WhiteElo "2415"]
[BlackElo "2376"]
[PlyCount "33"]
[EventDate "2009.08.05"]

1. d4 d5 2. c4 dxc4 3. Nf3 Nf6 4. e3 e6 5. Bxc4 c5 6. O-O a6 7. dxc5 Bxc5 8.
Qxd8+ Kxd8 9. Be2 Ke7 10. b3 Nbd7 11. Bb2 Rd8 12. Rc1 b6 13. Nbd2 Bb7 14. a3
Ke8 15. b4 Be7 16. Nd4 Rac8 17. Kf1 1/2-1/2

[Event "Olomouc 2009 - GM A"]
[Site "?"]
[Date "2009.08.08"]
[Round "4.3"]
[White "Maslak, Konstantin"]
[Black "Malinovsky, Karel"]
[Result "1-0"]
[WhiteElo "2545"]
[BlackElo "2367"]
[PlyCount "85"]
[EventDate "2009.08.05"]

1. e4 e5 2. Nf3 Nc6 3. Bb5 a6 4. Ba4 Nf6 5. O-O Be7 6. Re1 b5 7. Bb3 d6 8. c3
O-O 9. h3 Re8 10. d4 Bb7 11. Nbd2 Bf8 12. d5 Nb8 13. Nf1 Nbd7 14. Ng3 g6 15.
Nh2 h5 16. Nf3 Bg7 17. Bg5 Qe7 18. Qd2 Qf8 19. Be3 Rac8 20. Rad1 Nh7 21. Bc2 c6
22. dxc6 Rxc6 23. a4 Nb6 24. Bxb6 Rxb6 25. Qe3 Rc6 26. axb5 axb5 27. Bb3 Bh6
28. Qa7 Rb8 29. Ra1 Qc8 30. Qa2 Qc7 31. Qb1 Ra6 32. Rxa6 Bxa6 33. Nh4 Kf8 34.
Qd3 Nf6 35. Nhf5 gxf5 36. Nxf5 Ng8 37. Qf3 b4 38. Bd5 Bc4 39. Qxh5 Bg7 40. Qh7
Bf6 41. Re3 Bxd5 42. exd5 bxc3 43. Rxc3 1-0

[Event "Olomouc 2009 - GM A"]
[Site "?"]
[Date "2009.08.08"]
[Round "4.4"]
[White "Mirumian, Vigen"]
[Black "Krejci, Jan"]
[Result "1/2-1/2"]
[WhiteElo "2506"]
[BlackElo "2453"]
[PlyCount "33"]
[EventDate "2009.08.05"]

1. c4 Nf6 2. g3 e5 3. Bg2 Nc6 4. Nc3 Bb4 5. Nd5 Nxd5 6. cxd5 Ne7 7. Nf3 Bd6 8.
e4 c6 9. O-O cxd5 10. exd5 O-O 11. d4 e4 12. Ne5 Nxd5 13. Bxe4 Nf6 14. Bg2 Bc7
15. Qb3 d6 16. Nd3 Bb6 17. Be3 1/2-1/2

[Event "Olomouc 2009 - GM A"]
[Site "?"]
[Date "2009.08.08"]
[Round "4.5"]
[White "Ivanov, Mikhail M"]
[Black "Grandelius, Nils"]
[Result "0-1"]
[WhiteElo "2469"]
[BlackElo "2515"]
[PlyCount "76"]
[EventDate "2009.08.05"]

1. c4 Nf6 2. Nc3 e6 3. Nf3 d5 4. d4 dxc4 5. e3 a6 6. a4 c5 7. Bxc4 Nc6 8. O-O
Be7 9. dxc5 O-O 10. Qe2 Bxc5 11. Rd1 Qc7 12. h3 Ne5 13. b3 Nxf3+ 14. Qxf3 Bd7
15. e4 Bd6 16. Qd3 Be5 17. Ba3 Rfc8 18. Bd6 Bxd6 19. Qxd6 Qa5 20. e5 Qxc3 21.
exf6 Bc6 22. fxg7 Qxg7 23. Bf1 Bd5 24. b4 Rc3 25. Kh2 Kh8 26. Rac1 Ra3 27. b5
Rxa4 28. Rd3 axb5 29. Rg3 Qf6 30. Bxb5 Rd4 31. Qc7 h5 32. Qb6 h4 33. Rgc3 Qxf2
34. Bf1 Rg8 35. Rc8 Qf4+ 36. Kh1 Rd2 37. Rxg8+ Kxg8 38. Qd8+ Kg7 0-1

[Event "Olomouc 2009 - GM A"]
[Site "?"]
[Date "2009.08.09"]
[Round "5.2"]
[White "Krejci, Jan"]
[Black "Ivanov, Mikhail M"]
[Result "1/2-1/2"]
[WhiteElo "2453"]
[BlackElo "2469"]
[PlyCount "103"]
[EventDate "2009.08.05"]

1. e4 c6 2. d4 d5 3. e5 Bf5 4. Nf3 e6 5. Be2 Ne7 6. O-O Bg6 7. Nbd2 Nd7 8. Nh4
Nf5 9. Nxg6 hxg6 10. Nf3 Be7 11. c3 c5 12. Bd3 Qb6 13. Bc2 cxd4 14. cxd4 Nb8
15. b3 Nc6 16. Bb2 a5 17. a3 Rc8 18. Rc1 Kd7 19. g3 Rh3 20. Kg2 Rch8 21. Rh1 g5
22. Bxf5 exf5 23. Ng1 R3h6 24. Qf3 Ke6 25. Ne2 Rh3 26. Rcd1 Qd8 27. Nc3 R8h5
28. Kg1 g4 29. Qe2 Rh8 30. Qb5 Qd7 31. Na4 Rd8 32. Kg2 g5 33. Bc1 Rh5 34. h3
gxh3+ 35. Rxh3 Rxh3 36. Kxh3 f6 37. Nb6 Qe8 38. Kg2 Qh5 39. Rh1 Qg4 40. Re1
Qf3+ 41. Kxf3 Nxd4+ 42. Kg2 Nxb5 43. exf6+ Kxf6 44. Rxe7 Kxe7 45. Bxg5+ Ke8 46.
Bxd8 Kxd8 47. Nxd5 Nxa3 48. Ne3 f4 49. gxf4 b5 50. Kf3 a4 51. bxa4 bxa4 52. Ke4
1/2-1/2

[Event "Olomouc 2009 - GM A"]
[Site "?"]
[Date "2009.08.09"]
[Round "5.3"]
[White "Malinovsky, Karel"]
[Black "Mirumian, Vigen"]
[Result "0-1"]
[WhiteElo "2367"]
[BlackElo "2506"]
[PlyCount "106"]
[EventDate "2009.08.05"]

1. e4 c5 2. c3 d5 3. exd5 Qxd5 4. d4 Nf6 5. Nf3 cxd4 6. cxd4 e6 7. Nc3 Qa5 8.
Bd3 Be7 9. O-O O-O 10. Re1 Nc6 11. a3 Bd7 12. Be3 Rfc8 13. b4 Qd8 14. Qb3 Be8
15. Rad1 Qc7 16. Rc1 Qd6 17. Ne4 Nxe4 18. Bxe4 Rd8 19. Red1 Rac8 20. d5 exd5
21. Rxd5 Qb8 22. Re1 Bf6 23. Bg5 Rxd5 24. Qxd5 Bc3 25. Rc1 Bb2 26. Rb1 Bxa3 27.
b5 Ne7 28. Qd3 Qd6 29. Bxh7+ Kf8 30. Qe2 Ng6 31. Rd1 Qe6 32. Qd3 Bc5 33. h4 Qg4
34. h5 Nf4 35. Bxf4 Qxf4 36. Kf1 Qa4 37. Rb1 Qa2 38. Nd2 Be7 39. Ne4 Rd8 40.
Qb3 Qxb3 41. Rxb3 Rd5 42. Nc3 Rxh5 43. Be4 Bf6 44. Nd5 Be5 45. g4 Rh4 46. Ne3
b6 47. Bf3 Rh6 48. Nc4 Bd4 49. Bd5 Rf6 50. f3 Ke7 51. Ke2 Rf4 52. Kd3 Bc5 53.
Rb1 Rd4+ 0-1

[Event "Olomouc 2009 - GM A"]
[Site "?"]
[Date "2009.08.09"]
[Round "5.4"]
[White "Arslanov, Shamil"]
[Black "Maslak, Konstantin"]
[Result "1/2-1/2"]
[WhiteElo "2376"]
[BlackElo "2545"]
[PlyCount "64"]
[EventDate "2009.08.05"]

1. e4 c6 2. d4 d5 3. exd5 cxd5 4. c4 Nf6 5. Nc3 Nc6 6. Bg5 Be6 7. a3 g6 8. Bxf6
exf6 9. Nf3 Bg7 10. Be2 O-O 11. O-O f5 12. c5 Qf6 13. Nb5 Rab8 14. b4 g5 15.
Qc2 a6 16. Nd6 g4 17. Nd2 Nxd4 18. Qd3 f4 19. Rae1 Rfd8 20. Nb3 Nxe2+ 21. Rxe2
f3 22. Re3 fxg2 23. Kxg2 d4 24. Rg3 h5 25. f3 Qg6 26. fxg4 h4 27. Qxg6 fxg6 28.
Rd3 Rxd6 29. cxd6 Bc4 30. Rfd1 Rd8 31. Nc5 Rxd6 32. R3d2 d3 1/2-1/2

[Event "Olomouc 2009 - GM A"]
[Site "?"]
[Date "2009.08.09"]
[Round "5.5"]
[White "Simacek, Pavel"]
[Black "Luch, Michal"]
[Result "1-0"]
[WhiteElo "2476"]
[BlackElo "2415"]
[PlyCount "81"]
[EventDate "2009.08.05"]

1. e4 c5 2. b4 cxb4 3. a3 d5 4. e5 Bf5 5. d4 Nc6 6. axb4 Nxb4 7. Bb5+ Bd7 8.
Be2 Bf5 9. Bb5+ Bd7 10. Bxd7+ Qxd7 11. Ba3 Qa4 12. Nc3 Qa5 13. e6 Nc6 14. exf7+
Kxf7 15. Nge2 Qd8 16. O-O Nf6 17. Nf4 e6 18. Re1 Bxa3 19. Nxe6 Qd7 20. Ng5+ Kg6
21. Rxa3 Kxg5 22. Nxd5 Qxd5 23. Rg3+ Kh6 24. Qc1+ g5 25. Re5 Rhg8 26. Rgxg5
Qxe5 27. Rxg8+ Kh5 28. Qd1+ Kh6 29. dxe5 Nxg8 30. Qg4 Nge7 31. f4 Rg8 32. Qh4+
Kg6 33. Qf6+ Kh5 34. h3 a5 35. Kf2 h6 36. g4+ Rxg4 37. hxg4+ Kxg4 38. Qxh6 Kf5
39. Kf3 Nd4+ 40. Ke3 Nxc2+ 41. Kd2 1-0

[Event "Olomouc 2009 - GM A"]
[Site "?"]
[Date "2009.08.10"]
[Round "6.1"]
[White "Dubov, Daniil"]
[Black "Luch, Michal"]
[Result "1/2-1/2"]
[WhiteElo "2421"]
[BlackElo "2415"]
[PlyCount "65"]
[EventDate "2009.08.05"]

1. e4 e5 2. Bc4 Nf6 3. d3 Nc6 4. Nf3 Bc5 5. O-O d6 6. c3 O-O 7. Bb3 a6 8. h3 h6
9. Re1 Ba7 10. Nbd2 Nh5 11. Nf1 Qf6 12. Be3 Nf4 13. Kh2 Bd7 14. d4 Rfd8 15. Ba4
b5 16. Bc2 a5 17. Rc1 Ne7 18. Ng3 c5 19. a4 bxa4 20. Bxf4 Qxf4 21. Kh1 g6 22.
Nf5 Nxf5 23. exf5 Bxf5 24. Bxf5 Qxf5 25. dxe5 dxe5 26. Qxa4 Bb8 27. Qh4 Bd6 28.
Qxh6 Bf8 29. Qh4 Qf4 30. Qxf4 exf4 31. Rc2 a4 32. Nd2 a3 33. b3 1/2-1/2

[Event "Olomouc 2009 - GM A"]
[Site "?"]
[Date "2009.08.10"]
[Round "6.2"]
[White "Maslak, Konstantin"]
[Black "Simacek, Pavel"]
[Result "1/2-1/2"]
[WhiteElo "2545"]
[BlackElo "2476"]
[PlyCount "136"]
[EventDate "2009.08.05"]

1. e4 e5 2. Nf3 Nc6 3. Bb5 a6 4. Ba4 Nf6 5. O-O Nxe4 6. d4 b5 7. Bb3 d5 8. dxe5
Be6 9. Nbd2 Bc5 10. Nxe4 dxe4 11. Bxe6 Qxd1 12. Rxd1 fxe6 13. Ng5 O-O 14. Nxe4
Bb6 15. Kf1 Nxe5 16. f3 Rad8 17. Rxd8 Rxd8 18. Ke2 Nc4 19. b3 Nd6 20. Bg5 Rd7
21. Rd1 Nxe4 22. Rxd7 Nxg5 23. Rd8+ Kf7 24. h4 Ke7 25. Ra8 Nf7 26. Rxa6 Kd6 27.
Ra8 Bd4 28. Rf8 Ne5 29. Rb8 Kc6 30. Re8 Kd7 31. Rb8 Kc6 32. Re8 Kd7 33. Rg8 Ng6
34. Kd3 Bf6 35. g3 Kc6 36. h5 Ne5+ 37. Ke3 Nf7 38. g4 h6 39. Rb8 Nd6 40. Kd3
Nb7 41. Ke3 Nc5 42. f4 Na6 43. Re8 Kd7 44. Ra8 Nb4 45. c4 bxc4 46. bxc4 Kd6 47.
Ra5 Nc6 48. Rb5 Nd4 49. Rb1 Nc6 50. Rd1+ Kc5 51. Rd7 e5 52. f5 Kxc4 53. Rxc7
Kd5 54. Rd7+ Kc5 55. Ke4 Nb4 56. a4 Na2 57. Rc7+ Kb6 58. Rc4 Ka5 59. g5 Bxg5
60. Kxe5 Nc3 61. Rg4 Bf6+ 62. Ke6 Ne2 63. Kf7 Nd4 64. Rxg7 Bxg7 65. Kxg7 Nxf5+
66. Kg6 Ng3 67. Kxh6 Nxh5 68. Kxh5 Kxa4 1/2-1/2

[Event "Olomouc 2009 - GM A"]
[Site "?"]
[Date "2009.08.10"]
[Round "6.4"]
[White "Ivanov, Mikhail M"]
[Black "Malinovsky, Karel"]
[Result "1-0"]
[WhiteElo "2469"]
[BlackElo "2367"]
[PlyCount "83"]
[EventDate "2009.08.05"]

1. d4 Nf6 2. c4 e6 3. Nf3 b6 4. Nc3 Bb4 5. Qb3 Qe7 6. Bg5 Bb7 7. e3 Bxc3+ 8.
Qxc3 Ne4 9. Bxe7 Nxc3 10. Ba3 Ne4 11. Nd2 Nxd2 12. Kxd2 d6 13. Bd3 f5 14. Rhg1
Nd7 15. b4 O-O 16. c5 dxc5 17. bxc5 bxc5 18. Rac1 Bd5 19. Bxc5 Nxc5 20. Rxc5
Rfb8 21. Rxc7 Rb2+ 22. Rc2 Rxc2+ 23. Bxc2 Bxa2 24. Ra1 Bd5 25. Ra6 Rb8 26. f3
Rb7 27. e4 fxe4 28. fxe4 Bc4 29. Rc6 Ba2 30. Kc3 Kf7 31. h4 Ke7 32. g4 Kd7 33.
Rc5 Rc7 34. Rxc7+ Kxc7 35. Bd3 e5 36. d5 Kd6 37. Kb2 Bxd5 38. exd5 Kxd5 39.
Bxh7 e4 40. h5 Kd4 41. g5 e3 42. Kc2 1-0

[Event "Olomouc 2009 - GM A"]
[Site "?"]
[Date "2009.08.10"]
[Round "6.5"]
[White "Grandelius, Nils"]
[Black "Krejci, Jan"]
[Result "1-0"]
[WhiteElo "2515"]
[BlackElo "2453"]
[PlyCount "57"]
[EventDate "2009.08.05"]

1. e4 c5 2. Nf3 d6 3. d4 cxd4 4. Nxd4 Nf6 5. Nc3 Nc6 6. Bg5 e6 7. Qd2 a6 8.
O-O-O Bd7 9. f3 h6 10. Be3 b5 11. g4 Ne5 12. a3 Qc7 13. h4 Rc8 14. Rg1 g6 15.
g5 hxg5 16. hxg5 Nh5 17. f4 Nc4 18. Bxc4 Qxc4 19. Nb3 b4 20. axb4 Qxb4 21. Bd4
Rh7 22. Qe3 Be7 23. Bb6 Ng7 24. Rh1 Rxh1 25. Rxh1 Nh5 26. f5 exf5 27. exf5 Bxf5
28. Qxe7+ Kxe7 29. Nd5+ 1-0

[Event "Olomouc 2009 - GM A"]
[Site "?"]
[Date "2009.08.11"]
[Round "7.1"]
[White "Krejci, Jan"]
[Black "Dubov, Daniil"]
[Result "0-1"]
[WhiteElo "2453"]
[BlackElo "2421"]
[PlyCount "84"]
[EventDate "2009.08.05"]

1. e4 c5 2. Nf3 d6 3. d4 cxd4 4. Nxd4 Nf6 5. Nc3 Nc6 6. Bg5 e6 7. Qd2 a6 8.
O-O-O Bd7 9. f3 Qc7 10. Kb1 Be7 11. h4 h6 12. Be3 h5 13. Bg5 Ne5 14. Nb3 b5 15.
a3 Rb8 16. f4 Nc4 17. Qd4 O-O 18. Bxf6 Bxf6 19. e5 dxe5 20. Qxd7 Qb6 21. Qd3
exf4 22. Rh3 Rfc8 23. Qe4 Ne3 24. Re1 Qc7 25. Rhxe3 fxe3 26. Rxe3 Qh2 27. Bd3
g6 28. Ne2 Qxh4 29. Nf4 Qg5 30. Qf3 Bg7 31. c3 a5 32. Nxa5 b4 33. cxb4 Qxa5 34.
Qg3 Qb6 35. Ne2 Rc7 36. Rf3 Rbc8 37. b5 Qc5 38. Rf1 Qd5 39. Qe3 Rc5 40. a4 Qb3
41. Nd4 Bxd4 42. Qxd4 Rd5 0-1

[Event "Olomouc 2009 - GM A"]
[Site "?"]
[Date "2009.08.11"]
[Round "7.2"]
[White "Malinovsky, Karel"]
[Black "Grandelius, Nils"]
[Result "0-1"]
[WhiteElo "2367"]
[BlackElo "2515"]
[PlyCount "66"]
[EventDate "2009.08.05"]

1. e4 c5 2. Nf3 d6 3. d4 cxd4 4. Nxd4 Nf6 5. Nc3 e6 6. Be2 Be7 7. Be3 Nc6 8.
O-O O-O 9. f4 a6 10. Bf3 Qc7 11. a4 Na5 12. Kh1 Re8 13. Qe1 Nc4 14. Bc1 e5 15.
Nde2 Qc5 16. f5 Ne3 17. Bxe3 Qxe3 18. Nd1 Qc5 19. Nec3 d5 20. exd5 Bxf5 21. Nf2
Bxc2 22. Rc1 Bg6 23. Nb5 Qxc1 24. Qxc1 axb5 25. d6 Bxd6 26. Bxb7 Rxa4 27. Qc6
Bf8 28. Re1 Re6 29. Qf3 e4 30. Qe3 Rc4 31. Nd1 Rc7 32. Ba8 Ra6 33. Qf4 Rca7 0-1

[Event "Olomouc 2009 - GM A"]
[Site "?"]
[Date "2009.08.11"]
[Round "7.3"]
[White "Arslanov, Shamil"]
[Black "Ivanov, Mikhail M"]
[Result "1/2-1/2"]
[WhiteElo "2376"]
[BlackElo "2469"]
[PlyCount "22"]
[EventDate "2009.08.05"]

1. e4 e5 2. Nf3 Nc6 3. Bb5 a6 4. Bxc6 dxc6 5. O-O Qf6 6. d3 Ne7 7. Be3 Ng6 8.
Nbd2 c5 9. c3 Bd6 10. d4 cxd4 11. cxd4 O-O 1/2-1/2